| 000 | 00832nas a2200253 4500 | ||
|---|---|---|---|
| 001 | BR9903292 | ||
| 003 | BR-BrBNA | ||
| 005 | 20231205101459.0 | ||
| 007 | ta | ||
| 008 | 230509b bl.|||p| |||| 00| 00por d | ||
| 040 |
_aBR-BrBNA _bpor _cBiblioteca Nacional de Agricultura |
||
| 041 | _a(Pt) | ||
| 072 | _aL53 | ||
| 100 | 1 | _aDiaz, A.C. | |
| 100 | 1 | _aPetriella, A.M. | |
| 100 | 1 | _aFenucci, J.L. | |
| 245 | 1 | _aEfecto de la ablacion peduncular en la maduracion gonadal de Pleoticus muelleri Bate (Decapoda, Solenoceridae); 1: interaccion entre muda y desarrollo ovarico | |
| 650 | _aCrustaceo | ||
| 650 | _aMaturacao | ||
| 650 | _aOvario | ||
| 773 | 0 |
_tRevista Brasileira de Oceanografia (Brazil) _xISSN 1413-7739 _g(1997), v. 45(1-2) p. 53-60 _wBR9903292 |
|
| 909 |
_a202311 _bLúcia _c55 _dLúcia Elande |
||
| 942 |
_2AGRIS _n0 _cANA |
||
| 999 |
_c162117 _d162117 |
||